000
00220nam a22000977a 4500
082
_a
425
_b
GEO/C
100
_a
HEORGE, ANU
245
_a
CBSE CONT. & COMP. EVAL HANDBOOK FOR TEACHER
650
_a
ENGLISH GRAMMAR
942
_c
BK
999
_c
7643
_d
7643